Taylor Swift - End Game (All Lyrics) - Statistics

General Stats
  • This quiz has been taken 15 times
  • The average score is 370 of 493
Answer Stats
Answer % Correct
a
100%
A
100%
be
100%
be)
100%
end
100%
game
100%
I
100%
(I
100%
wanna
100%
we
100%
We
100%
when
100%
you
100%
You
100%
(You
100%
you)
100%
your
100%
and
90%
And
90%
A-Team
90%
Big
90%
big
90%
first
90%
go
90%
me
90%
me)
90%
reputation
90%
Reputation
90%
about
80%
But
80%
but
80%
do
80%
don't
80%
got
80%
I'm
80%
in
80%
it
80%
Just
80%
just
80%
know
80%
love
80%
my
80%
say
80%
say)
80%
the
80%
The
80%
they
80%
to
80%
another
70%
call
70%
conversation
70%
enemies
70%
for
70%
For
70%
girl
70%
heard
70%
her
70%
life
70%
like
70%
Like
70%
of
70%
on
70%
Ooh
70%
ooh
70%
(Ooh)
70%
play
70%
see)
70%
so
70%
So
70%
some
70%
string
70%
that
70%
too
70%
up
70%
what
70%
where
70%
with
70%
With
70%
all
60%
away
60%
bad
60%
beach
60%
beautiful
60%
believe
60%
Both
60%
both
60%
'cause
60%
dope
60%
down
60%
Drinkin'
60%
girls
60%
good
60%
hurt
60%
is
60%
it's
60%
It's
60%
miss
60%
not
60%
one
60%
ones
60%
other
60%
over
60%
overdose
60%
protect
60%
Side
60%
sprung
60%
that's
60%
touch
60%
truth
60%
understand
60%
was
60%
we'd
60%
were
60%
After
50%
ain't
50%
are
50%
bit
50%
born
50%
boy
50%
can't
50%
come
50%
drama
50%
ease
50%
ex-love
50%
from
50%
ignore
50%
insecurities
50%
I've
50%
July
50%
Knew
50%
little
50%
long
50%
loves
50%
made
50%
most
50%
need
50%
older
50%
persona
50%
reconnected
50%
reputations
50%
shoulders
50%
somethin'
50%
swear
50%
this
50%
toast
50%
tryna
50%
type
50%
way
50%
whenever
50%
would
50%
(yeah)
50%
young
50%
4th
40%
argue
40%
bang
40%
been
40%
bluff
40%
boat
40%
callin'
40%
chips
40%
choices
40%
crazy
40%
deny
40%
easier
40%
Even
40%
eyes
40%
flaws
40%
forget
40%
four
40%
G5
40%
Ghost
40%
hard
40%
here's
40%
hit
40%
hold
40%
issues
40%
knee-deep
40%
let
40%
lips
40%
mistakes
40%
never
40%
paranoia
40%
precede
40%
precedes
40%
red
40%
rumours
40%
song
40%
stoked
40%
storm
40%
told
40%
traits
40%
tried
40%
usual
40%
You've
40%
bury
30%
couldn't
30%
'em
30%
fun
30%
I'll
30%
keep
30%
maps
30%
past
30%
put
30%
tip
30%
tricks
30%
whippin'
30%
body
20%
days
20%
gold
20%
handprints
20%
hatchets
20%
Our
20%
soul
20%
tongue
20%
words
20%
liquor
10%
No matching quizzes found
Score Distribution
Percent of People with Each Score
Percentile by Number Answered
Your Score History
You have not taken this quiz